[Event "Penang op 6th"]
[Site "Penang"]
[Date "2014.12.09"]
[Round "3"]
[White "Paril, Gabriel"]
[Black "Chuah, Hao Feng"]
[Result "1-0"]
[WhiteElo "2063"]
[BlackElo "1735"]
[PlyCount "115"]
[EventDate "2014.12.08"]
[EventType "swiss"]
[EventRounds "9"]
[EventCountry "MAS"]
[SourceTitle "CBM 163 Extra"]
[Source "ChessBase"]
[SourceDate "2014.12.23"]
[SourceVersion "1"]
[SourceVersionDate "2014.12.23"]
[SourceQuality "1"]

1. e4 e5 2. Nf3 Nc6 3. Bb5 a6 4. Ba4 Nf6 5. 0-0 b5 6. Bb3 Nxe4 7. d4 d5 8. dxe5 Be6 9. Nbd2 Nc5 10. c3 Be7 11. Bc2 0-0 12. Re1 Bg4 13. Nb3 Ne6 14. Qd3 g6 15. Bh6 Re8 16. Rad1 Bf5 17. Qd2 Bxc2 18. Qxc2 Bf8 19. Qd2 Ne7 20. Bxf8 Rxf8 21. Nfd4 Nxd4 22. Nxd4 c5 23. Nf3 Qb6 24. Qh6 Nf5 25. Qh3 Rad8 26. g4 Ng7 27. Ng5 h5 28. gxh5 gxh5 29. e6 fxe6 30. Nxe6 Rfe8 31. Nxd8 Rxd8 32. Qg2 d4 33. Qg5 Rd7 34. cxd4 cxd4 35. Re7 Rxe7 36. Qxe7 Qg6+ 37. Kf1 Nf5 38. Qb7 Qf6 39. Rc1 Ne3+ 40. Ke2 Nc4 41. Rg1+ Kf8 42. Qf3 d3+ 43. Qxd3 Qxb2+ 44. Kf1 Nd2+ 45. Kg2 Qg7+ 46. Kh1 Qb7+ 47. f3 Nc4 48. Qd8+ Kf7 49. Qg8+ Kf6 50. Qf8+ Ke5 51. Qg7+ Qxg7 52. Rxg7 Kf6 53. Rc7 Kg5 54. Rc6 Ne5 55. Rxa6 Nxf3 56. Ra5 Kh4 57. Rxb5 Kg4 58. a4 1-0